Frontera de Aragón: municipios de Navarra - Estadísticas

Estadísticas generales
  • Esta prueba ha sido intentada 8 veces
    7 desde el último reinicio
  • La puntuación promedio es 15 de 20
Respuestas en el mapa
Las respuestas están codificadas por una escala verde-roja en el mapa de la prueba según el % correcto abajo.
 
Estadísticas de respuestas
Municipio % Correcto
Tudela
100%
Burgui
86%
Petilla de Aragón
86%
Ablitas
71%
Buñuel
71%
Carcastillo
71%
Cascante
71%
Cáseda
71%
Castillo-Nuevo
71%
Cortes
71%
Fitero
71%
Garde
71%
Isaba
71%
Javier
71%
Monteagudo
71%
Navascués
71%
Romanzado
71%
Sangüesa
71%
Yesa
71%
Barillas
57%
No se encontraron pruebas coincidentes
Distribución de puntuación
Porcentaje de gente con cada puntuación
Porcentaje por número respondido
Historial de tus puntuaciones
No has intentado esta prueba desde el último reinicio